| 000 | 01321nam2a22002531 4500 | ||
|---|---|---|---|
| 001 | rc\2320192 | ||
| 005 | 20250623045552.0 | ||
| 035 | _a(NLR Aleph) 006578647 | ||
| 090 |
_a7021970 _c7021970 |
||
| 100 | _a20110829d1977 |||y0rusy50 ca | ||
| 101 | 0 | _arus | |
| 102 | _aRU | ||
| 105 | _aa z ||||| | ||
| 200 | 1 | _aКорпус РДТТ | |
| 210 |
_d1977 _aБ. м. |
||
| 215 |
_a88 с. _cил. |
||
| 320 | _aБиблиогр.: с. 86-87 | ||
| 333 | _aДСП | ||
| 461 | 0 |
_1001rc\2320191 _12001#$aДвигатели на твердом топливе$e[Учеб. пособие]$fПод ред. проф., д. т. н. Г.С. Скубачевского. Ч. 3$gМ-во высш. и сред. спец. образ. СССР. Моск. авиац. ин-т им. Серго Орджоникидзе$iКонструкция и расчет$vЧ. 3 _1700#1$aКотельников$bА.В.$gАлександр Васильевич _97021963 _aКотельников, А.В. _cМосква _d1977 _fПод ред. проф., д. т. н. Г.С. Скубачевского. Ч. 3 _iКонструкция и расчет _nБ. и. _o[Учеб. пособие] _tДвигатели на твердом топливе _vЧ. 3 |
|
| 801 | 0 |
_aRU _bNLR _gpsbo |
|
| 801 | 1 |
_aRU _bELAR _2rusmarc |
|
| 852 |
_aNLR _j77-50К/3396 |
||
| 942 | _cBOOK | ||
| 980 | _aNB | ||